000 00935nam a22002655i 4500
001 171621
003 ES-MaACL
005 20250730225922.0
008 090522s1955 sp |||| | cat d
080 _a929 (Jaime (465) I)
080 _a929 (Pedro (465) III)
100 1 _aSoldevila, Ferran.
_9107111
245 1 4 _aEls grans reis del segle XIII
_b: Jaume I, Pere el Gran /
_cper Ferran Soldevila.
250 _a[1ª ed.].
260 _aBarcelona :
_bTeide,
_c1955.
300 _a170 p., 1 lám. ;
_c21 cm.
490 1 _aBiografies catalanes ;
_v5
600 0 4 _aJaime
_bI
_cRey de Aragón.
_965934
600 0 7 _aPedro
_bIII,
_cRey de Aragón
_2
_9140296
651 4 _aAragón (Reino)-
_xHistoria-
_y1276-1285, Pedro III.
_9140295
651 4 _aAragón (Reino)-
_xHistoria-
_y1213-1276, Jaime I.
_9140294
830 0 _aBiografies catalanes ;
_v5
_9223192
852 _aES-MaACL
_jC-9808
_9R.37321
999 _c171621
_d171621